000 00453pab a2200181 454500
008 180718b2008 xxu||||| |||| 00| 0 eng d
100 _aVenkateswarlu, A.
245 _aChild labour issues (dimensions at global and India levels)
260 _c2008
300 _ap.93-122.
362 _aJun
650 _aChild labour - India
650 _aChild labour
700 _aRamesh, V.
773 _aMan and Development
908 _aN
909 _a78766
999 _c78766
_d78766